Statistiken für Meine Lieblingsfilme

Klicken Sie hier um das Quiz zu spielen!

Allgemein

  • Dieses Quiz wurde 42 mal gespielt
    (5 seit der letzten Aktualisierung)
  • Das Durchschnittsergebnis liegt bei 15 aus 36

Antwortstatistiken

FilmErscheinungsjahr% Korrekt
Her2013
100%
Auf der Flucht1993
67%
Der Herr der Ringe: Die Rückkehr des Königs2003
67%
Die zwölf Geschworenen1954
67%
Grand Budapest Hotel2014
67%
Joker2019
67%
Kramer gegen Kramer1979
67%
Misery1990
67%
Parasite2019
67%
Psycho1960
67%
Pulp Fiction1994
67%
Schindlers Liste1993
67%
The Good Liar2019
67%
The Whale2022
67%
Uhrwerk Orange1971
67%
Vertigo1958
67%
Vom Winde verweht1939
67%
American Beauty1999
33%
Bei Anruf Mord1954
33%
Der Herr der Ringe: Die Gefährten2001
33%
Der Pate1972
33%
Der Pianist2002
33%
Die Frau, die singt - Incendies2010
33%
No Country for Old Men2007
33%
Oben2009
33%
Oldboy2003
33%
Saw2004
33%
Das Leben ist schön1997
0%
Der König der Löwen1994
0%
Es geschah in einer Nacht1934
0%
Hass1995
0%
Lost Highway1997
0%
Requiem for a Dream2000
0%
Sein oder Nichtsein1942
0%
Sieben1995
0%
Zeugin der Anklage1957
0%

Verteilung der Resultate

Perzentil nach korrekt beantworteten Fragen

Anzahl Personen mit jedem Resultat

Ihre Resultats-Entwicklung

Sie haben dieses Quiz seit der letzten Aktualisierung nicht gespielt